000 00465nam a2200169 a 4500
001 6600
003 CO-ViMGA
008 141112s2004 ck r 000 u spa d
040 _aCO-ViMGA
_bspa
_cCO-ViMGA
082 0 4 _a338.17375 M657
100 1 _aMontenegro, Armando
_95462
245 1 0 _aCafe, dinero y macroeconomía en colombia :
_bensayos
260 _aBogotá :
_bTercer Mundo,
_c1993
300 _a393 p
650 1 4 _aEconomía CAFETERA
_95463
942 _2ddc
_cBK
999 _c18569
_d18569